000 00451nam a2200193 a 4500
001 1759126006807
003 ACL
005 20250929113839.0
008 250929s2001##################000#0#eng##
020 _a9788174361868
082 0 4 _a782.1
_bBIR
100 1 _aVenkataraman, Leela,
_eauthor.
245 1 0 _aThe Dancing Phenomenon :
260 _c2001.
300 _a16 pages
650 0 _aDancers.
942 _cENGLISH
040 _aACL
_beng
_cACL
999 _c590118
_d590118